Business Studies / (Record no. 1857)
[ view plain ]
| 000 -LEADER | |
|---|---|
| fixed length control field | 00507nam a2200205 a 4500 |
| 001 - CONTROL NUMBER | |
| JCCL Control Number | 1857 |
| 003 - CONTROL NUMBER IDENTIFIER | |
| JCCL marc code | BD-JhCC |
| 005 - DATE AND TIME OF LATEST TRANSACTION | |
| control field | 20171025162610.0 |
| 008 - FIXED-LENGTH DATA ELEMENTS--GENERAL INFORMATION | |
| fixed length control field | 171025s2011 bg |||| |||| 000 0 eng d |
| 035 ## - SYSTEM CONTROL NUMBER | |
| system control number | (BD-JhCC)1857 |
| 040 ## - CATALOGING SOURCE | |
| Original cataloging agency | BD-JhCC |
| Modifying agency | BD-JhCC |
| 041 ## - LANGUAGE CODE | |
| Language code of Book | eng |
| 082 ## - DEWEY DECIMAL CLASSIFICATION NUMBER | |
| Classification number | 658 |
| Author mark and Year | JEW 1990 |
| 100 ## - MAIN ENTRY--PERSONAL NAME | |
| Personal name | Jewell, Bruce R. |
| 245 ## - TITLE STATEMENT | |
| Title | Business Studies / |
| Statement of responsibility, etc | Bruce R. Jewell |
| 260 ## - PUBLICATION, DISTRIBUTION, ETC. (IMPRINT) | |
| Place of publication, distribution, etc | Edinburgh : |
| Name of publisher, distributor, etc | Longman ; |
| Date of publication, distribution, etc | 1990 |
| 300 ## - PHYSICAL DESCRIPTION | |
| Pagination | 588 p. ; |
| Dimensions | 24 cm |
| 650 ## - SUBJECT ADDED ENTRY--TOPICAL TERM | |
| Topical term or geographic name as entry element | Business Education |
| 942 ## - ADDED ENTRY ELEMENTS (KOHA) | |
| Source of classification or shelving scheme | Dewey Decimal Classification |
| Koha item type | Books |
| Source of classification or shelving scheme | Damaged status | Not for loan | Home library | Current library | Shelving location | Date of accession | Total Checkouts | Full call number | Barcode | Date last seen | Copy number | Koha item type |
|---|---|---|---|---|---|---|---|---|---|---|---|---|
| Dewey Decimal Classification | JCC Rouf Library | JCC Rouf Library | General Stacks | 10/25/2017 | 658 JEW 1990 | 2640 | 10/25/2017 | C-1 | Books |